| 000 | 01147cam a22002898a 4500 | ||
|---|---|---|---|
| 001 | 15724367 | ||
| 005 | 20091112141947.0 | ||
| 008 | 090504s2009 mau b 001 0 eng | ||
| 010 | _a 2009018714 | ||
| 020 | _a9780123750778 (hardcover) | ||
| 040 |
_aDLC _cDLC |
||
| 050 | 0 | 0 |
_aTK5103.2 _b.W5735188 2009 |
| 082 | 0 | 0 |
_a621.384 _222 _bZHE |
| 245 | 0 | 0 |
_aWireless networking complete / _cPei Zheng ... [et al.]. |
| 250 | _a1st ed. | ||
| 260 |
_aBurlington, MA : _bMorgan Kaufmann Publishers, _cc.2010. |
||
| 263 | _a0908 | ||
| 300 |
_a445p: _bill; _c20cm. |
||
| 500 | _aIncludes Index. | ||
| 504 | _aIncludes bibliographical references and index. | ||
| 650 | 0 |
_aWireless communication systems. _911433 |
|
| 650 | 0 |
_aComputer networks. _911434 |
|
| 700 | 1 |
_aZheng, Pei, _d1972- _911435 |
|
| 942 |
_2ddc _cBB |
||
| 999 |
_c13405 _d13405 |
||